| 000 -LEADER |
| fixed length control field |
01467cam a2200373 a 4500 |
| 001 - CONTROL NUMBER |
| control field |
17104387 |
| 005 - DATE AND TIME OF LATEST TRANSACTION |
| control field |
20240612090516.0 |
| 008 - FIXED-LENGTH DATA ELEMENTS--GENERAL INFORMATION |
| fixed length control field |
120104s2006 fr 000 0 eng |
| 010 ## - LIBRARY OF CONGRESS CONTROL NUMBER |
| LC control number |
2010545365 |
| 020 ## - INTERNATIONAL STANDARD BOOK NUMBER |
| International Standard Book Number |
2912743044 |
|
| International Standard Book Number |
9782912743046 |
| 040 ## - CATALOGING SOURCE |
| Original cataloging agency |
DLC |
| Transcribing agency |
DLC |
| 041 1# - LANGUAGE CODE |
| Language code of text/sound track or separate title |
eng |
| -- |
fre |
| -- |
spa |
| Language code of original |
eng |
| 042 ## - AUTHENTICATION CODE |
| Authentication code |
pcc |
| 050 00 - LIBRARY OF CONGRESS CALL NUMBER |
| Classification number |
Z679.7 |
| Item number |
.M45 2006 |
| 082 ## - DEWEY DECIMAL CLASSIFICATION NUMBER |
| Edition number |
23 |
| Classification number |
025.84 |
| 100 1# - MAIN ENTRY--PERSONAL NAME |
| Personal name |
McIlwaine, John. |
| 9 (RLIN) |
5550 |
| 245 10 - TITLE STATEMENT |
| Title |
IFLA disaster preparedness and planning : |
| Remainder of title |
a brief manual / |
| Statement of responsibility, etc. |
by John McIlwaine ; under the direction of Marie-Thérèse Varlamoff ; edited and translated into French by Corine Koch ; translated into Spanish by Solange Hernandez. |
| 246 15 - VARYING FORM OF TITLE |
| Title proper/short title |
Prévention des catastrophes et plans d'urgence. |
|
| Title proper/short title |
Prevención de desastres y planes de emergencia. |
| 260 ## - PUBLICATION, DISTRIBUTION, ETC. |
| Place of publication, distribution, etc. |
Paris : |
| Name of publisher, distributor, etc. |
IFLA-PAC, |
| Date of publication, distribution, etc. |
2006. |
| 300 ## - PHYSICAL DESCRIPTION |
| Extent |
84 p. ; |
| Dimensions |
30 cm. |
| 490 1# - SERIES STATEMENT |
| Series statement |
International preservation issues ; |
| Volume/sequential designation |
no. 6 |
| 500 ## - GENERAL NOTE |
| General note |
In English, French and Spanish. |
| 650 #0 - SUBJECT ADDED ENTRY--TOPICAL TERM |
| Topical term or geographic name entry element |
Emergency management. |
| 9 (RLIN) |
5551 |
|
| Topical term or geographic name entry element |
Library buildings |
| General subdivision |
Safety measures. |
| 9 (RLIN) |
5552 |
|
| Topical term or geographic name entry element |
Library materials |
| General subdivision |
Conservation and restoration. |
| 9 (RLIN) |
5553 |
| 700 1# - ADDED ENTRY--PERSONAL NAME |
| Personal name |
Varlamoff, Marie-Thérèse. |
| 9 (RLIN) |
5554 |
| 710 2# - ADDED ENTRY--CORPORATE NAME |
| Corporate name or jurisdiction name as entry element |
IFLA Core Activity on Preservation and Conservation. |
| 9 (RLIN) |
5555 |
| 830 #0 - SERIES ADDED ENTRY--UNIFORM TITLE |
| Uniform title |
International preservation issues ; |
| Volume/sequential designation |
no. 6. |
| 9 (RLIN) |
5556 |
| 906 ## - LOCAL DATA ELEMENT F, LDF (RLIN) |
| a |
7 |
| b |
cbc |
| c |
origres |
| d |
2 |
| e |
ncip |
| f |
20 |
| g |
y-gencatlg |
| 942 ## - ADDED ENTRY ELEMENTS (KOHA) |
| Source of classification or shelving scheme |
|
| Koha item type |
Books (Long term) |